Structral design in metals (Record no. 11702)

000 -LEADER
fixed length control field 00502nam a22001937a 4500
001 - CONTROL NUMBER
control field 11702
003 - CONTROL NUMBER IDENTIFIER
control field BD-DhUET
008 - FIXED-LENGTH DATA ELEMENTS--GENERAL INFORMATION
fixed length control field 150218b xxu||||| |||| 00| 0 eng d
040 ## - CATALOGING SOURCE
Original cataloging agency DLC
Transcribing agency DLC
Modifying agency BD-DhUET
082 ## - DEWEY DECIMAL CLASSIFICATION NUMBER
Classification number 624.182
Item number WIL/1957
100 ## - MAIN ENTRY--PERSONAL NAME
Personal name Willims, Clifford D.
245 ## - TITLE STATEMENT
Title Structral design in metals
250 ## - EDITION STATEMENT
Edition statement 2nd ed.
260 ## - PUBLICATION, DISTRIBUTION, ETC. (IMPRINT)
Place of publication, distribution, etc. New York
Name of publisher, distributor, etc. Ronald Press
Date of publication, distribution, etc. 1957
300 ## - PHYSICAL DESCRIPTION
Extent viii, 655 p.
Other physical details ill.
Dimensions 17 cm.
650 #0 - SUBJECT ADDED ENTRY--TOPICAL TERM
Topical term or geographic name as entry element Metals Structural Engg
700 ## - ADDED ENTRY--PERSONAL NAME
Personal name Harris, Ernest C.
942 ## - ADDED ENTRY ELEMENTS (KOHA)
Koha item type General Book
Holdings
Koha item type Price effective from Copy number Not for loan Koha normalized classification for sorting Location (home branch) Koha full call number Damaged status Shelving location Date acquired Lost status Koha date last seen Withdrawn status Piece designation (barcode) Sublocation or collection (holding branch) Source of classification or shelving scheme
General Book2015-02-181 624_182000000000000_WIL_1957Central Library, BUET624.182/WIL/1957 Circulation section2015-02-18 2015-02-18 61224Central Library, BUET 
General Book2015-02-182 624_182000000000000_WIL_1957Central Library, BUET624.182/WIL/1957 Circulation section2015-02-18 2015-02-18 42428Central Library, BUET 
General Book2015-02-183 624_182000000000000_WIL_1957Central Library, BUET624.182/WIL/1957 Circulation section2015-02-18 2015-02-18 11560Central Library, BUET 
General Book2015-02-184 624_182000000000000_WIL_1957Central Library, BUET624.182/WIL/1957 Circulation section2015-02-18 2015-02-18 61147Central Library, BUET 
General Book2015-05-105 624_182000000000000_WIL_1957Central Library, BUET624.182/WIL/1957 Circulation section2015-05-10 2015-05-10 42357Central Library, BUET 
General Book2015-05-126 624_182000000000000_WIL_1957Central Library, BUET624.182/WIL/1957 Circulation section2015-05-12 2015-05-12 11559Central Library, BUET